Southville International School and Colleges
Your cart is empty.
  • Cart
  • Lists
    Public lists Eva Luna New books Lux_list list_1
    Your lists Log in to create your own lists
  • Log in to your account
  • Your cookies
  • Search history
Southville International School and Colleges
  • Advanced search
  • Recent comments
  • Most popular
  • Libraries

Log in to your account

Log in with GOOGLE


If you do not have an external account, but do have a local account, you can still log in:

  1. Home
  2. MARC view: Mini treasure chest of great fairy tales III, book 5.
Normal view MARC view ISBD view

Mini treasure chest of great fairy tales III, book 5. (Record no. 111666)

[ view plain ]
MARC details
000 -LEADER
fixed length control field 00665nam a2200193 a 4500
001 - CONTROL NUMBER
control field 1524
005 - DATE AND TIME OF LATEST TRANSACTION
control field 20140414131919.0
008 - FIXED-LENGTH DATA ELEMENTS--GENERAL INFORMATION
fixed length control field 001116s19uu xx 00 eng d
020 ## - INTERNATIONAL STANDARD BOOK NUMBER
International Standard Book Number 962-578-080-7
050 ## - LIBRARY OF CONGRESS CALL NUMBER
Classification number ER
Item number M66 Vol.3
245 ## - TITLE STATEMENT
Title Mini treasure chest of great fairy tales III, book 5.
260 ## - PUBLICATION, DISTRIBUTION, ETC. (IMPRINT)
Place of publication, distribution, etc Wanchai, Hong Kong :
Name of publisher, distributor, etc Tormont,
Date of publication, distribution, etc [n.d.]
300 ## - PHYSICAL DESCRIPTION
Extent 16 p. : ill. ; cm.
440 ## - SERIES STATEMENT/ADDED ENTRY--TITLE
Title Mini treasure chest of great fairy tales
500 ## - GENERAL NOTE
General note Title includes: The Hare and the Procupine--The Country Mouse and the Town Mouse--The Story of Thumbelina--The Fox and the Stork.
650 ## - SUBJECT ADDED ENTRY--TOPICAL TERM
Topical term or geographic name as entry element Fairy tales.
650 ## - SUBJECT ADDED ENTRY--TOPICAL TERM
Topical term or geographic name as entry element Children stories.
Holdings
Withdrawn status Lost status Damaged status Use restrictions Home library Current library Shelving location Date acquired Source of acquisition Total Checkouts Full call number Barcode Date last seen Price effective from Koha item type
        Munich Library Munich Library Easy Reading Section 12/21/2004     ER M66 Vol.3 M2521 04/14/2014 04/14/2014 Books

Mini treasure chest of great fairy tales III, book 5.

APA

Mini treasure chest of great fairy tales III, book 5. Wanchai, Hong Kong: Tormont.

Chicago

Mini treasure chest of great fairy tales III, book 5. Wanchai, Hong Kong: Tormont.

Harvard

Mini treasure chest of great fairy tales III, book 5. Wanchai, Hong Kong: Tormont.

MLA

Wanchai, Hong Kong: Tormont. .

  • Place hold
  • Print
  • Cite
  • Add to your cart (remove)
  • Save record
    BIBTEX Dublin Core MARCXML MARC (non-Unicode/MARC-8) MARC (Unicode/UTF-8) MARC (Unicode/UTF-8, Standard) MODS (XML) RIS
  • More searches
    Search for this title in:
    Other Libraries (WorldCat) Other Databases (Google Scholar) Online Stores (Bookfinder.com) Open Library (openlibrary.org)

Exporting to Dublin Core...

SOUTHVILLE LIBRARY

Southville International School and Colleges Library

1281 Tropical Ave. Cor. Luxembourg St., BF Homes International, Las Pinas City

Tel. No. 8256374 / 252358 Loc. 117/146

Powered by Koha